| 000 | 01087cam a22003374a 4500 | ||
|---|---|---|---|
| 001 | 2023 | ||
| 003 | FISKH | ||
| 005 | 20231030150831.0 | ||
| 008 | 020605s2003 nyua b 000 0 eng | ||
| 010 | _a 2002008780 | ||
| 020 | _a0516228455 | ||
| 020 | _a9780516278292 | ||
| 040 |
_aDLC _cDLC _dDLC _beng |
||
| 042 |
_apcc _alcac |
||
| 050 | 0 | 0 |
_aTA725 _b.J66 2003 |
| 082 | 0 | 0 |
_a629.225 _221 |
| 100 | 1 | _aJones, Melanie Davis. | |
| 245 | 1 | 0 |
_aBig machines / _cwritten by Melanie Davis Jones ; illustrated by Doreen Gay-Kassel. |
| 260 |
_aNew York : _bScholastic, _c2003. |
||
| 300 |
_a23 pages : _bcolor illustrations ; _c18 cm |
||
| 440 | 2 | _aA rookie reader | |
| 505 | _aE | ||
| 520 | _aA simple introduction to big machines--tractors, backhoes, pavers, and cranes--and how they work. | ||
| 521 | 8 |
_a200
_bLexile AD |
|
| 521 | 8 |
_aE
_bRaz-Plus |
|
| 650 | 0 |
_aEarthmoving machinery _vJuvenile literature. |
|
| 650 | 1 | _aEarthmoving machinery. | |
| 700 | 1 |
_aGay-Kassel, Doreen, _eillustrator |
|
| 906 |
_a7 _bcbc _corignew _d1 _eecip _f20 _gy-gencatlg |
||
| 942 |
_2ddc _cBK _n0 |
||
| 999 |
_c2023 _d2023 |
||